|
|
|
|
| LEADER |
00000nab#a22000007a#4500 |
| 001 |
arbauad020602 |
| 003 |
AR-BaUAD |
| 005 |
20250711111807.0 |
| 008 |
960724|||||||||###||||||b###|0###a|spa|| |
| 040 |
|
|
|a AR-BaUAD
|c AR-BaUAD
|b spa
|
| 245 |
1 |
0 |
|a Paysage d'eau
|b centre nautique, Aurec sur Loire
|
| 300 |
0 |
|
|b cortes, fot., plantas
|
| 653 |
|
|
|a VIGIER, DOMINIQUE
|
| 653 |
|
|
|a CLUBES NAUTICOS
|
| 653 |
|
|
|a PILETAS DE NATACION
|
| 653 |
|
|
|a FRANCIA
|
| 773 |
0 |
|
|t Techniques & Arch.
|g no. 426 [jun.-jul. 1996], p. 15-17
|
| 942 |
|
|
|c ARTI
|
| 952 |
|
|
|0 0
|1 0
|4 0
|7 0
|9 65521
|a AR-BAuAD
|b AR-BAuAD
|d 2025-07-11
|l 0
|p AAQA020602
|r 2025-07-11 11:18:07
|w 2025-07-11
|y ARTI
|
| 990 |
|
|
|a AQ199
|b TD
|
| 998 |
|
|
|a AAQ
|b BIBUN76
|
| 999 |
|
|
|c 45194
|d 45194
|